| 000 | 01601nam0a2200325 4500 | ||
|---|---|---|---|
| 001 | RU\NLR\bibl\1075124 | ||
| 005 | 20260407080749.0 | ||
| 010 | _a5-8356-0566-8 | ||
| 010 |
_a978-5-8356-0566-8 _990 |
||
| 021 |
_aRU _b2007-15468 _9827 |
||
| 035 | _a(NLR Aleph) 001062327 | ||
| 090 |
_a946497 _c946497 |
||
| 100 | _a20070419d2006 |||y0rusy50 ca | ||
| 101 | 0 | _arus | |
| 102 | _aRU | ||
| 105 | _ay ||||||||| | ||
| 200 | 1 |
_aТенденции и противоречия развития российского права на современном этапе _eV Всероссийская научно-практическая конференция, декабрь 2006 г. _eсборник статей _f[под ред. В.В. Гошуляка, д.ю.н., д.ист.н., проф.] |
|
| 210 |
_aПенза _cПриволжский Дом знаний _d2006 |
||
| 215 |
_a224, [1] с. _d20 |
||
| 300 | _aВ надзаг.: Междунар. союз юристов, Ассоциация юристов России, Пензен. гос. ун-т [и др.] | ||
| 320 | _aБиблиогр. в подстроч. примеч. | ||
| 606 | 1 |
_aПраво _jСборники _yРоссийская Федерация _92070216 _3RU\NLR\auth\661244932 |
|
| 686 | _aХ62я43 | ||
| 702 | 1 |
_aГошуляк _bВ. В. _gВиталий Владимирович _4340 |
|
| 712 | 0 | 2 |
_4570 _aМеждународный союз юристов _3RU\NLR\AUTH\8810041146 _9581505 |
| 801 | 0 |
_aRU _bNLR _c20070419 _gRCR |
|
| 801 | 1 |
_aRU _bNLR _c20070419 |
|
| 942 | _cBOOK | ||
| 980 | _aNB | ||